[Event "Bucharest Grand Prix"]
[Site "Bucharest"]
[Date "2023.04.29"]
[Round "4"]
[White "Voinescu, David Ioan"]
[Black "Nevednichy, Vladislav"]
[Result "1-0"]
[WhiteElo "2058"]
[BlackElo "2448"]
[PlyCount "185"]
[EventDate "2023.04.29"]
[EventType "swiss (rapid)"]
[EventRounds "10"]
[EventCountry "ROU"]
[SourceTitle "CBM 213 Extra"]
[Source "ChessBase"]
[SourceDate "2023.05.31"]
[SourceVersion "1"]
[SourceVersionDate "2023.05.31"]
[SourceQuality "1"]

1. e4 c5 2. Nf3 d6 3. Bc4 e6 4. d3 Nc6 5. 0-0 Nf6 6. c3 Be7 7. Bb3 0-0 8. Re1 d5 9. e5 Nd7 10. d4 b5 11. Nbd2 cxd4 12. cxd4 a5 13. Nf1 a4 14. Bc2 a3 15. bxa3 g6 16. Re3 Nb6 17. Bb3 Na5 18. Ne1 Nbc4 19. Rh3 f6 20. f4 Qb6 21. Kh1 fxe5 22. dxe5 d4 23. Bc2 Nxe5 24. Ng3 d3 25. Nxd3 Nxd3 26. Qxd3 Rd8 27. Qe2 Bf6 28. Rb1 Nc6 29. Be3 Nd4 30. Qf2 Qc5 31. Ne4 Qe7 32. Nxf6+ Qxf6 33. Be4 Ra4 34. Rd1 e5 35. Rg3 Bf5 36. fxe5 Qxe5 37. Bxf5 Rf8 38. Bxd4 Rxf5 39. Bxe5 Rxf2 40. Bd6 Re4 41. h3 Rxa2 42. Bb4 Ree2 43. Rd5 Ra1+ 44. Kh2 Rc2 45. Rxb5 Rcc1 46. Rd3 Kf7 47. Rb7+ Ke6 48. Rxh7 Rh1+ 49. Kg3 Ra2 50. Re7+ Kf6 51. Rf3+ Kg5 52. Re5+ Kh6 53. Rf2 Raa1 54. Re6 Rab1 55. Rff6 Rb3+ 56. Rf3 Rb2 57. Ree3 Kh5 58. Re5+ Kh6 59. Ree3 Kh5 60. Rf2 Rbb1 61. Rc2 Rhg1 62. Bf8 Rbf1 63. Re5+ g5 64. Rcc5 Rxf8 65. Rxg5+ Kh6 66. Rg4 Ra8 67. Rc6+ Kh7 68. a4 Ra1 69. Rc5 Ra3+ 70. Kh4 Ra6 71. Rh5+ Rh6 72. Rxh6+ Kxh6 73. Rb4 Kg6 74. Kg4 Kg7 75. h4 Kg8 76. g3 Kg7 77. Kf4 Ra1 78. Kg5 Rc1 79. Rb5 Kg8 80. h5 Rc4 81. a5 Rc6 82. g4 Kg7 83. h6+ Kh7 84. Rb7+ Kh8 85. Rb6 Rc8 86. a6 Ra8 87. Kh5 Rc8 88. a7 Ra8 89. Rb8+ Kh7 90. Rb7+ Kh8 91. g5 Rg8 92. g6 Re8 93. Rb8 1-0

[Event "Satu Mare Szabo Memorial"]
[Site "Satu Mare"]
[Date "2019.08.06"]
[Round "6"]
[White "Ardeleanu, Alin"]
[Black "Voinescu, David Ioan"]
[Result "1/2-1/2"]
[WhiteElo "2323"]
[BlackElo "2100"]
[PlyCount "71"]
[EventDate "2019.08.02"]
[EventType "swiss"]
[EventRounds "9"]
[EventCountry "ROU"]
[SourceTitle "CBM 191 Extra"]
[Source "ChessBase"]
[SourceDate "2019.09.30"]
[SourceVersion "1"]
[SourceVersionDate "2019.09.30"]
[SourceQuality "1"]

1. Nf3 d5 2. g3 Nf6 3. Bg2 Bf5 4. d3 e6 5. 0-0 Bg6 6. b3 c5 7. c4 Nc6 8. a3 Bd6 9. Nc3 0-0 10. cxd5 exd5 11. Bg5 d4 12. Nd5 Bf5 13. Nxf6+ gxf6 14. Bh6 Re8 15. e4 dxe3 16. fxe3 Bf8 17. Bxf8 Kxf8 18. Ne1 Bg6 19. Bxc6 bxc6 20. Qf3 Re6 21. Rc1 Qd6 22. e4 Rb8 23. Qd1 Qd4+ 24. Rf2 f5 25. Rc4 Qd7 26. exf5 Bxf5 27. Rxf5 Rxe1+ 28. Qxe1 Qxf5 29. Qc3 Kg8 30. Rxc5 Rxb3 31. Rxf5 Rxc3 32. Ra5 Rxd3 33. Rxa7 c5 34. a4 Ra3 35. Rc7 Rxa4 36. Rxc5 1/2-1/2

[Event "Satu Mare Szabo Memorial"]
[Site "Satu Mare"]
[Date "2019.08.04"]
[Round "3"]
[White "Voinescu, David Ioan"]
[Black "Turlea, Constantin"]
[Result "1-0"]
[WhiteElo "2100"]
[BlackElo "1966"]
[PlyCount "57"]
[EventDate "2019.08.02"]
[EventType "swiss"]
[EventRounds "9"]
[EventCountry "ROU"]
[SourceTitle "CBM 191 Extra"]
[Source "ChessBase"]
[SourceDate "2019.09.30"]
[SourceVersion "1"]
[SourceVersionDate "2019.09.30"]
[SourceQuality "1"]

1. e4 c5 2. Nf3 d6 3. d4 cxd4 4. Nxd4 Nf6 5. Nc3 a6 6. Be3 e6 7. g4 b5 8. g5 Nfd7 9. a3 Nb6 10. f4 Bb7 11. Qg4 N8d7 12. 0-0-0 Rc8 13. Be2 Nc4 14. Bxc4 Rxc4 15. Rhf1 Qc7 16. f5 e5 17. Nb3 d5 18. Nxd5 Bxd5 19. Rxd5 Rxc2+ 20. Kb1 Bxa3 21. Bc1 Rxh2 22. Qd1 Bb4 23. Be3 a5 24. Qd3 Nb6 25. Qxb5+ Kf8 26. Rc1 Nxd5 27. Qxd5 Qb8 28. Qd7 g6 29. Rc8+ 1-0

[Event "Arad op 12th"]
[Site "Arad"]
[Date "2019.07.28"]
[Round "6"]
[White "Voinescu, David Ioan"]
[Black "Gorodetzky, Matan"]
[Result "1/2-1/2"]
[WhiteElo "2046"]
[BlackElo "2290"]
[PlyCount "96"]
[EventDate "2019.07.24"]
[EventType "swiss"]
[EventRounds "9"]
[EventCountry "ROU"]
[SourceTitle "CBM 191 Extra"]
[Source "ChessBase"]
[SourceDate "2019.09.30"]
[SourceVersion "1"]
[SourceVersionDate "2019.09.30"]
[SourceQuality "1"]

1. e4 e6 2. d4 d5 3. Nc3 Nf6 4. e5 Nfd7 5. f4 c5 6. Nf3 Nc6 7. Be3 a6 8. Qd2 b5 9. a3 Qb6 10. Ne2 Qc7 11. dxc5 Nxc5 12. Ned4 Na5 13. Bd3 Nc4 14. Qc1 Bb7 15. 0-0 g6 16. b3 Nxe3 17. Qxe3 Rd8 18. Rfc1 Be7 19. g4 h5 20. h3 hxg4 21. hxg4 Qb6 22. Kg2 Kd7 23. Rh1 Kc7 24. Rxh8 Rxh8 25. b4 Na4 26. Ng5 Nb2 27. Nxf7 Nc4 28. Qf2 Bh4 29. Qg1 Rg8 30. Nd6 Kb8 31. Nxb7 Qxb7 32. Rf1 Bd8 33. Bxc4 dxc4+ 34. Rf3 Bb6 35. c3 Rd8 36. Kg3 Qe4 37. Qe3 Qxe3 38. Rxe3 Bxd4 39. cxd4 Rxd4 40. f5 gxf5 41. gxf5 Kc7 42. f6 Kd7 43. Kf3 Ke8 44. Kf2 Kf7 45. Kf3 Kf8 46. Re2 Rd3+ 47. Re3 Rb3 48. Ke4 Rxe3+ 1/2-1/2

[Event "ROM-ch U16"]
[Site "Calimanesti Caciulata"]
[Date "2019.04.21"]
[Round "8"]
[White "Ignat, Matei Marius"]
[Black "Voinescu, David Ioan"]
[Result "0-1"]
[WhiteElo "1750"]
[BlackElo "1999"]
[PlyCount "51"]
[EventDate "2019.04.15"]
[EventType "swiss"]
[EventRounds "9"]
[EventCountry "ROU"]
[SourceTitle "CBM 190 Extra"]
[Source "ChessBase"]
[SourceDate "2019.07.15"]
[SourceVersion "1"]
[SourceVersionDate "2019.07.15"]
[SourceQuality "1"]

1. e4 e6 2. d4 d5 3. Nd2 c5 4. exd5 exd5 5. Ngf3 Nc6 6. dxc5 Bxc5 7. Nb3 Bb6 8. Be2 Nge7 9. c3 0-0 10. 0-0 Bg4 11. Bf4 Ng6 12. Bg3 f5 13. h3 f4 14. Bh2 Bf5 15. c4 dxc4 16. Bxc4+ Kh8 17. Qxd8 Raxd8 18. Rfd1 h6 19. Bd5 Nb4 20. Bxb7 Rxd1+ 21. Rxd1 Nxa2 22. Nfd4 Rd8 23. Rd2 Bxd4 24. Rxd4 Rb8 25. Nc5 Nc1 26. Bxf4 0-1

[Event "ROM-ch U16"]
[Site "Calimanesti Caciulata"]
[Date "2019.04.20"]
[Round "7"]
[White "Ognean, Mihnea Ionut"]
[Black "Voinescu, David Ioan"]
[Result "1/2-1/2"]
[WhiteElo "2244"]
[BlackElo "1999"]
[PlyCount "66"]
[EventDate "2019.04.15"]
[EventType "swiss"]
[EventRounds "9"]
[EventCountry "ROU"]
[SourceTitle "CBM 190 Extra"]
[Source "ChessBase"]
[SourceDate "2019.07.15"]
[SourceVersion "1"]
[SourceVersionDate "2019.07.15"]
[SourceQuality "1"]

1. e4 e6 2. d4 d5 3. Nd2 c5 4. exd5 exd5 5. Ngf3 Nc6 6. Be2 Nf6 7. 0-0 Be7 8. dxc5 Bxc5 9. Nb3 Bb6 10. c3 h6 11. Nfd4 0-0 12. Bf4 Ne4 13. f3 Nc5 14. Nxc5 Bxc5 15. Be3 Qb6 16. b4 Bxd4 17. Bxd4 Nxd4 18. Qxd4 Qxd4+ 19. cxd4 Bd7 20. Rfc1 Rfc8 21. Kf2 Rab8 22. Bd3 Rxc1 23. Rxc1 Rc8 24. Rxc8+ Bxc8 25. h4 f5 26. f4 h5 27. g3 Kf7 28. Ke3 Ke7 29. Be2 g6 30. Kd2 Bd7 31. Kc3 b5 32. a4 a6 33. axb5 axb5 1/2-1/2

[Event "ROM-ch U16"]
[Site "Calimanesti Caciulata"]
[Date "2019.04.18"]
[Round "5"]
[White "Voinescu, David Ioan"]
[Black "Denes, Attila Norbert"]
[Result "1-0"]
[WhiteElo "1999"]
[BlackElo "1819"]
[PlyCount "81"]
[EventDate "2019.04.15"]
[EventType "swiss"]
[EventRounds "9"]
[EventCountry "ROU"]
[SourceTitle "CBM 190 Extra"]
[Source "ChessBase"]
[SourceDate "2019.07.15"]
[SourceVersion "1"]
[SourceVersionDate "2019.07.15"]
[SourceQuality "1"]

1. e4 c5 2. Nf3 Nc6 3. d4 cxd4 4. Nxd4 e5 5. Nb5 d6 6. N1c3 a6 7. Na3 Be6 8. Nd5 Rb8 9. c3 Be7 10. Be3 b5 11. Nc2 Nf6 12. f3 0-0 13. Be2 Na5 14. Ncb4 Nxd5 15. exd5 Bd7 16. Nxa6 Ra8 17. Nb4 f5 18. Nc6 Nxc6 19. dxc6 Bxc6 20. Bxb5 Bb7 21. Qb3+ Kh8 22. 0-0 f4 23. Bf2 Bh4 24. Bc4 Bc6 25. Qc2 Bxf2+ 26. Qxf2 Qg5 27. Rfd1 e4 28. fxe4 Bxe4 29. Rd4 d5 30. Bd3 Rae8 31. Bf1 Rf6 32. c4 Rg6 33. cxd5 Bxd5 34. Rxf4 h5 35. Rf5 Qd8 36. Rxh5+ Kg8 37. b3 Bc6 38. Bc4+ Ree6 39. Bxe6+ Rxe6 40. Rf1 Rf6 41. Rf5 1-0

[Event "ROM-ch U16"]
[Site "Calimanesti Caciulata"]
[Date "2019.04.17"]
[Round "3"]
[White "Voinescu, David Ioan"]
[Black "Caraba, Alexandru"]
[Result "1-0"]
[WhiteElo "1999"]
[BlackElo "1677"]
[PlyCount "89"]
[EventDate "2019.04.15"]
[EventType "swiss"]
[EventRounds "9"]
[EventCountry "ROU"]
[SourceTitle "CBM 190 Extra"]
[Source "ChessBase"]
[SourceDate "2019.07.15"]
[SourceVersion "1"]
[SourceVersionDate "2019.07.15"]
[SourceQuality "1"]

1. e4 c5 2. Nf3 e6 3. d4 cxd4 4. Nxd4 a6 5. Nc3 Qc7 6. Bd3 Nc6 7. Nb3 Nf6 8. 0-0 Be7 9. Kh1 b5 10. f4 d6 11. Qe1 Bb7 12. a4 b4 13. Ne2 e5 14. f5 d5 15. Ng3 Na5 16. Nxa5 Qxa5 17. Bg5 Nd7 18. Bxe7 Kxe7 19. exd5 Bxd5 20. Be4 Bxe4 21. Nxe4 Rhd8 22. Qg3 Qd5 23. Rae1 Rg8 24. Rf2 Rad8 25. Rd2 Qc6 26. Qb3 Nc5 27. Qxb4 Rxd2 28. Nxd2 Qd5 29. Ne4 Rc8 30. c4 Qd4 31. Nxc5 Rxc5 32. Qb7+ Kf6 33. Qxa6+ Kxf5 34. Rf1+ Kg5 35. Qb7 Qxc4 36. Qf3 h5 37. b3 Qd5 38. h4+ Kh6 39. Qxd5 Rxd5 40. Rxf7 Rd4 41. Kg1 Rxh4 42. Rb7 Rf4 43. a5 e4 44. Re7 Rf5 45. b4 1-0

[Event "ROM-ch U14"]
[Site "Baile Felix"]
[Date "2017.02.08"]
[Round "8"]
[White "Voinescu, David Ioan"]
[Black "Ognean, Mihnea Ionut"]
[Result "1/2-1/2"]
[WhiteElo "1877"]
[BlackElo "2105"]
[PlyCount "159"]
[EventDate "2017.02.02"]
[EventType "swiss"]
[EventRounds "9"]
[EventCountry "ROU"]
[SourceTitle "CBM 176 Extra"]
[Source "ChessBase"]
[SourceDate "2017.03.02"]
[SourceVersion "1"]
[SourceVersionDate "2017.03.02"]
[SourceQuality "1"]

1. d4 Nf6 2. c4 e6 3. Nf3 c5 4. d5 exd5 5. cxd5 d6 6. Nc3 g6 7. Bf4 a6 8. a4 Bg7 9. h3 0-0 10. e3 Ne8 11. Be2 Nd7 12. 0-0 Rb8 13. Qb3 b6 14. Bg3 f5 15. Bh4 Bf6 16. Bxf6 Qxf6 17. Nd2 Nc7 18. e4 f4 19. Nc4 Ne5 20. Nxe5 Qxe5 21. Bf3 b5 22. Ne2 Bd7 23. Qc3 Qxc3 24. Nxc3 bxa4 25. e5 dxe5 26. Nxa4 Bxa4 27. Rxa4 Rf6 28. Rc1 Rb5 29. Rac4 Ne8 30. Rxc5 Nd6 31. Bg4 Rxb2 32. Re1 Rb5 33. Rxb5 axb5 34. Rxe5 Kg7 35. Kf1 h5 36. Bf3 Nf5 37. Re4 Rb6 38. Rb4 Kf6 39. Be2 Nd6 40. Rxf4+ Ke5 41. Rb4 Kxd5 42. g4 Kc5 43. Rb3 h4 44. f4 Ne4 45. Kg2 b4 46. Bd3 Kd4 47. Bxe4 Kxe4 48. f5 gxf5 49. gxf5 Kxf5 50. Kf3 Rb8 51. Ke3 Ke5 52. Kd3 Kf4 53. Kd4 Rb7 54. Kd5 Rb8 55. Kd4 Rd8+ 56. Kc5 Ke5 57. Kc6 Rd4 58. Kc5 Re4 59. Rf3 Rf4 60. Re3+ Kf5 61. Rb3 Re4 62. Rf3+ Ke5 63. Kb5 Rf4 64. Re3+ Kd4 65. Rb3 Ke5 66. Re3+ Re4 67. Rf3 Rd4 68. Kc5 Ke4 69. Rb3 Rd5+ 70. Kc4 Rg5 71. Rxb4 Kf3 72. Kd3 Kg3 73. Ke2 Rf5 74. Rb3+ Kg2 75. Rd3 Re5+ 76. Re3 Rg5 77. Rf3 Rg3 78. Rf2+ Kxh3 79. Kf1 Rg8 80. Rb2 1/2-1/2

[Event "ROM-ch U14"]
[Site "Baile Felix"]
[Date "2017.02.07"]
[Round "7"]
[White "Mihai, Cristian"]
[Black "Voinescu, David Ioan"]
[Result "0-1"]
[WhiteElo "1798"]
[BlackElo "1877"]
[PlyCount "56"]
[EventDate "2017.02.02"]
[EventType "swiss"]
[EventRounds "9"]
[EventCountry "ROU"]
[SourceTitle "CBM 176 Extra"]
[Source "ChessBase"]
[SourceDate "2017.03.02"]
[SourceVersion "1"]
[SourceVersionDate "2017.03.02"]
[SourceQuality "1"]

1. d4 d5 2. c4 dxc4 3. Nf3 Nf6 4. Nc3 a6 5. e3 b5 6. a4 b4 7. Na2 a5 8. Bxc4 e6 9. 0-0 Ba6 10. Qe2 Bxc4 11. Qxc4 Nbd7 12. b3 Be7 13. Bb2 0-0 14. Nc1 c5 15. Ne2 Rc8 16. Rac1 cxd4 17. Qxd4 Nc5 18. Qxd8 Rfxd8 19. Ned4 Nd3 20. Rxc8 Rxc8 21. Ba1 Ne4 22. g3 Bf6 23. Kg2 Ndxf2 24. Ne1 Nd1 25. Nec2 Bxd4 26. Nxd4 Nxe3+ 27. Kf3 Nxf1 28. Kxe4 Rc1 0-1

[Event "ROM-ch U14"]
[Site "Baile Felix"]
[Date "2017.02.05"]
[Round "5"]
[White "Craciun, Alexandru Emilian"]
[Black "Voinescu, David Ioan"]
[Result "1/2-1/2"]
[WhiteElo "1944"]
[BlackElo "1877"]
[PlyCount "142"]
[EventDate "2017.02.02"]
[EventType "swiss"]
[EventRounds "9"]
[EventCountry "ROU"]
[SourceTitle "CBM 176 Extra"]
[Source "ChessBase"]
[SourceDate "2017.03.02"]
[SourceVersion "1"]
[SourceVersionDate "2017.03.02"]
[SourceQuality "1"]

1. e4 c5 2. Ne2 e6 3. d4 cxd4 4. Nxd4 a6 5. c4 Nf6 6. Nc3 Qc7 7. Be3 Bb4 8. Qd3 0-0 9. Be2 d5 10. exd5 exd5 11. 0-0 dxc4 12. Qxc4 Qxc4 13. Bxc4 Bxc3 14. bxc3 Bd7 15. Rab1 b5 16. Be2 Nc6 17. Nxc6 Bxc6 18. c4 bxc4 19. Bxc4 Bb5 20. Rfc1 Bxc4 21. Rxc4 Rfc8 22. Rcb4 Nd5 23. Rb7 Nxe3 24. fxe3 g6 25. Rf1 Rf8 26. Rf4 a5 27. a4 Ra6 28. Kf2 h5 29. e4 f6 30. Rf3 Rf7 31. Rb8+ Kg7 32. Rc3 Re7 33. Kf3 Rd6 34. Rc4 Rd3+ 35. Ke2 Ra3 36. Rb5 Ra2+ 37. Kf3 Ra7 38. h4 Rd7 39. Rd5 Rb7 40. Rd3 Ra7 41. g3 Rb7 42. Kf4 Rf2+ 43. Ke3 Rg2 44. Kf3 Ra2 45. Rdc3 Kh6 46. Rc6 Rb1 47. R3c4 Rba1 48. Ke3 Rxa4 49. Rxa4 Rxa4 50. Re6 Kg7 51. Ra6 Ra1 52. Kf4 a4 53. e5 fxe5+ 54. Kg5 a3 55. Rxg6+ Kf7 56. Rf6+ Ke7 57. Rf2 Rg1 58. Kxh5 Rxg3 59. Kh6 Kd6 60. h5 Kc5 61. Kh7 e4 62. h6 e3 63. Re2 Kb4 64. Kh8 Kb3 65. h7 Rh3 66. Kg8 a2 67. Re1 e2 68. Kh8 Kc3 69. Kg8 Kd2 70. Ra1 Ra3 71. h8Q Ra8+ 1/2-1/2

[Event "ROM-ch U14"]
[Site "Baile Felix"]
[Date "2017.02.03"]
[Round "2"]
[White "Voinescu, David Ioan"]
[Black "Ungureanu, Alexandru Daniel"]
[Result "1/2-1/2"]
[WhiteElo "1877"]
[BlackElo "1609"]
[PlyCount "58"]
[EventDate "2017.02.02"]
[EventType "swiss"]
[EventRounds "9"]
[EventCountry "ROU"]
[SourceTitle "CBM 176 Extra"]
[Source "ChessBase"]
[SourceDate "2017.03.02"]
[SourceVersion "1"]
[SourceVersionDate "2017.03.02"]
[SourceQuality "1"]

1. e4 d6 2. d4 g6 3. Nf3 Bg7 4. Nc3 a6 5. Bc4 b5 6. Bd5 c6 7. Bb3 Bb7 8. 0-0 Nd7 9. Re1 e6 10. a4 Ne7 11. axb5 axb5 12. Rxa8 Qxa8 13. Bg5 b4 14. Na4 h6 15. Bh4 Nc8 16. d5 cxd5 17. exd5 e5 18. c3 bxc3 19. Nxc3 0-0 20. Nd2 f5 21. f3 Nc5 22. Bc4 Ba6 23. Bf2 Kh7 24. Bxc5 dxc5 25. Qc2 Nd6 26. Na4 Bb7 27. Nxc5 Bxd5 28. Nd7 Qa7+ 29. Kh1 Qxd7 1/2-1/2

[Event "ROM-ch U14"]
[Site "Calimanesti Caciulata"]
[Date "2016.04.20"]
[Round "3"]
[White "Lungu, Cristian"]
[Black "Voinescu, David Ioan"]
[Result "0-1"]
[WhiteElo "1512"]
[BlackElo "1786"]
[PlyCount "32"]
[EventDate "2016.04.18"]
[EventType "swiss"]
[EventRounds "9"]
[EventCountry "ROU"]
[SourceTitle "CBM 172 Extra"]
[Source "ChessBase"]
[SourceDate "2016.06.21"]
[SourceVersion "1"]
[SourceVersionDate "2016.06.21"]
[SourceQuality "1"]

1. d4 d5 2. Bf4 Nf6 3. e3 Bf5 4. c4 c6 5. Nc3 e6 6. Qb3 Qb6 7. c5 Qxb3 8. axb3 Nbd7 9. b4 Nh5 10. Nf3 Nxf4 11. exf4 Be7 12. Be2 0-0 13. 0-0 a6 14. Nh4 Bxh4 15. g4 Bg6 16. Nd1 Bf6 0-1

[Event "ROM-ch U14"]
[Site "Calimanesti Caciulata"]
[Date "2016.04.19"]
[Round "2"]
[White "Voinescu, David Ioan"]
[Black "Gavrilescu, David"]
[Result "0-1"]
[WhiteElo "1786"]
[BlackElo "2289"]
[PlyCount "82"]
[EventDate "2016.04.18"]
[EventType "swiss"]
[EventRounds "9"]
[EventCountry "ROU"]
[SourceTitle "CBM 172 Extra"]
[Source "ChessBase"]
[SourceDate "2016.06.21"]
[SourceVersion "1"]
[SourceVersionDate "2016.06.21"]
[SourceQuality "1"]

1. c4 b6 2. Nf3 Bb7 3. g3 Bxf3 4. exf3 e6 5. Bg2 c6 6. d4 d5 7. cxd5 cxd5 8. 0-0 Ne7 9. Nc3 g6 10. Bg5 Bg7 11. Qa4+ Qd7 12. Qxd7+ Kxd7 13. Bxe7 Kxe7 14. Rfe1 Kd6 15. Nb5+ Kd7 16. Rac1 Nc6 17. Bh3 a6 18. Nc3 Nxd4 19. Nxd5 Kd8 20. Nxb6 Rb8 21. Na4 Nxf3+ 22. Kg2 Nxe1+ 23. Rxe1 Bxb2 24. Rd1+ Ke7 25. Nc5 Rhc8 26. Rd7+ Ke8 27. Rb7 Rxb7 28. Nxb7 Rc2 29. Nd6+ Ke7 30. Ne4 Bd4 31. a3 f5 32. Ng5 h6 33. Nxe6 Rxf2+ 34. Kg1 Kxe6 35. a4 a5 36. g4 Ke5 37. g5 hxg5 38. Bg4 fxg4 39. h3 g3 40. h4 gxh4 41. Kh1 Rh2# 0-1

[Event "ROM-ch U12"]
[Site "Calimanesti"]
[Date "2015.04.06"]
[Round "9"]
[White "Voinescu, David Ioan"]
[Black "Coticeru, Dragos Ionut"]
[Result "0-1"]
[WhiteElo "1569"]
[BlackElo "1721"]
[PlyCount "122"]
[EventDate "2015.03.30"]
[EventType "swiss"]
[EventRounds "9"]
[EventCountry "ROU"]
[SourceTitle "CBM 165 Extra"]
[Source "ChessBase"]
[SourceDate "2015.04.21"]
[SourceVersion "1"]
[SourceVersionDate "2015.04.21"]
[SourceQuality "1"]

1. d4 Nf6 2. Bg5 Ne4 3. Bf4 e6 4. Nf3 b6 5. e3 Bb7 6. Be2 Be7 7. 0-0 0-0 8. Nbd2 f5 9. h3 d6 10. c4 Nd7 11. Qb3 c5 12. dxc5 Ndxc5 13. Qd1 e5 14. Bh2 Qe8 15. Nxe4 Nxe4 16. Nd2 Nxd2 17. Qxd2 Qg6 18. f3 Qg5 19. Bd3 Rad8 20. Qe2 Rf6 21. e4 f4 22. Bc2 Rg6 23. b3 Ba6 24. Bd3 Qh6 25. Kh1 Bh4 26. Rad1 Bc8 27. Qc2 Bg3 28. Qe2 Bxh2 29. Kxh2 Rg3 30. Rh1 Bxh3 31. Kg1 Qg5 32. Rh2 h5 33. Kh1 Be6 34. Qb2 h4 35. Qf2 Kf7 36. Kg1 h3 37. Rd2 Rh8 38. Bf1 Ke7 39. Rb2 Rh6 40. Rd2 hxg2 41. Bxg2 Rxh2 42. Kxh2 Qh5+ 43. Kg1 Bh3 44. Qf1 Kf7 45. Rb2 Bxg2 46. Rxg2 Qxf3 47. Rxg3 Qxg3+ 48. Kh1 f3 49. a4 f2 50. b4 Qf3+ 51. Kh2 Qf4+ 52. Kh3 g5 53. c5 g4+ 54. Kh4 g3+ 55. Kh3 Qf3 56. Qc4+ Kf6 57. Qd5 g2+ 58. Kh4 Qf4+ 59. Kh3 g1N+ 60. Kg2 f1Q+ 61. Kh1 Nf3# 0-1

[Event "ROM-ch U12"]
[Site "Calimanesti"]
[Date "2015.04.04"]
[Round "7"]
[White "Voinescu, David Ioan"]
[Black "Corfu, Gabriel Ionut"]
[Result "1-0"]
[WhiteElo "1569"]
[BlackElo "1376"]
[PlyCount "145"]
[EventDate "2015.03.30"]
[EventType "swiss"]
[EventRounds "9"]
[EventCountry "ROU"]
[SourceTitle "CBM 165 Extra"]
[Source "ChessBase"]
[SourceDate "2015.04.21"]
[SourceVersion "1"]
[SourceVersionDate "2015.04.21"]
[SourceQuality "1"]

1. e4 e5 2. Nf3 Nf6 3. Nxe5 d6 4. Nf3 Nxe4 5. Bc4 d5 6. Bb3 Nf6 7. 0-0 Nc6 8. d3 Bd6 9. Re1+ Be7 10. Bg5 Be6 11. Nc3 0-0 12. Ne2 h6 13. Bh4 Bg4 14. Bg3 Bb4 15. c3 Bxf3 16. gxf3 Nh5 17. cxb4 Nxg3 18. Nxg3 Nxb4 19. Qd2 Nc6 20. d4 Qd7 21. Qf4 Rae8 22. Qf5 Qd8 23. Qxd5 Qxd5 24. Bxd5 Rxe1+ 25. Rxe1 Nxd4 26. Kg2 c6 27. Bb3 b5 28. Rd1 Nxb3 29. axb3 a5 30. Rd6 Rc8 31. Nf5 Kf8 32. Nd4 c5 33. Nxb5 c4 34. bxc4 Rxc4 35. Na7 a4 36. Nc6 g6 37. Ne5 Rb4 38. Rd8+ Kg7 39. Nd3 Rc4 40. Ra8 Kf6 41. Kg3 Rd4 42. Nc5 Rc4 43. Nxa4 h5 44. Nb6 h4+ 45. Kg2 Rd4 46. b4 g5 47. b5 g4 48. fxg4 Rxg4+ 49. Kh3 Rd4 50. Nc8 Rb4 51. b6 Ke6 52. Ra7 Kd5 53. b7 Kc6 54. Ne7+ Kc5 55. f3 f6 56. Nf5 Kc6 57. Nxh4 Kd6 58. Kg3 Ke5 59. Ng6+ Kd6 60. h4 Ke6 61. Nf4+ Kd6 62. h5 f5 63. h6 Kc6 64. h7 Kc5 65. h8Q Kc4 66. Qg8+ Kc3 67. Nd5+ Kd3 68. Nxb4+ Kc3 69. Nd5+ Kd4 70. Ra4+ Kd3 71. Nf4+ Kd2 72. Qd5+ Ke1 73. Ra1# 1-0

[Event "ROM-ch U12"]
[Site "Calimanesti"]
[Date "2015.04.02"]
[Round "4"]
[White "Voinescu, David Ioan"]
[Black "Bonciu, David"]
[Result "1/2-1/2"]
[WhiteElo "1569"]
[BlackElo "1721"]
[PlyCount "78"]
[EventDate "2015.03.30"]
[EventType "swiss"]
[EventRounds "9"]
[EventCountry "ROU"]
[SourceTitle "CBM 165 Extra"]
[Source "ChessBase"]
[SourceDate "2015.04.21"]
[SourceVersion "1"]
[SourceVersionDate "2015.04.21"]
[SourceQuality "1"]

1. e4 c5 2. Nf3 Nc6 3. d4 cxd4 4. Nxd4 g6 5. Nb3 Nf6 6. Nc3 Bg7 7. Be2 0-0 8. 0-0 d6 9. Re1 Be6 10. Bf1 d5 11. exd5 Nxd5 12. Nxd5 Qxd5 13. Qxd5 Bxd5 14. c3 Rfd8 15. Be3 e5 16. Rad1 f5 17. Bg5 Bxb3 18. Rxd8+ Nxd8 19. axb3 Nc6 20. Bc4+ Kf8 21. b4 e4 22. Rd1 Ne5 23. Be2 h6 24. Rd8+ Rxd8 25. Bxd8 Ke8 26. Bc7 g5 27. b5 Nd7 28. Bd6 b6 29. Bh5+ Kd8 30. Bg6 f4 31. Bxe4 Nc5 32. Bxc5 bxc5 33. Bd3 Kc7 34. Bc4 Kd6 35. Kf1 g4 36. Ke2 h5 37. g3 f3+ 38. Ke3 Bh6+ 39. Kd3 Ke7 1/2-1/2

[Event "ROM-ch U12"]
[Site "Calimanesti"]
[Date "2015.03.30"]
[Round "1"]
[White "Voinescu, David Ioan"]
[Black "Cirtina, Victor"]
[Result "1-0"]
[WhiteElo "1569"]
[BlackElo "1100"]
[PlyCount "111"]
[EventDate "2015.03.30"]
[EventType "swiss"]
[EventRounds "9"]
[EventCountry "ROU"]
[SourceTitle "CBM 165 Extra"]
[Source "ChessBase"]
[SourceDate "2015.04.21"]
[SourceVersion "1"]
[SourceVersionDate "2015.04.21"]
[SourceQuality "1"]

1. e4 c6 2. d4 d5 3. e5 Bf5 4. Nf3 e6 5. Bd3 Bxd3 6. Qxd3 Nd7 7. 0-0 Ne7 8. Qb3 Qb6 9. c3 c5 10. Bf4 Nc6 11. Qxb6 axb6 12. Nbd2 Be7 13. a3 0-0-0 14. Rfc1 c4 15. b4 b5 16. a4 bxa4 17. Rxa4 Nb6 18. Ra2 Kc7 19. Bg5 h6 20. Bxe7 Nxe7 21. Ra5 Ra8 22. Rca1 Rxa5 23. Rxa5 Ra8 24. Rxa8 Nxa8 25. Kf1 b5 26. Ke2 Nf5 27. Nb1 Nb6 28. g4 Ne7 29. h4 g6 30. Ke3 Kd7 31. Nfd2 g5 32. hxg5 hxg5 33. Nf3 Ng6 34. Nxg5 Ke7 35. Na3 f6 36. exf6+ Kxf6 37. Nf3 Na4 38. Nxb5 Ke7 39. Ne5 Nxe5 40. dxe5 Kf7 41. f4 Kg6 42. Kd4 Kf7 43. Nd6+ Ke7 44. b5 Kd7 45. g5 Ke7 46. Nc8+ Kd7 47. g6 Ke8 48. b6 Nxb6 49. Nxb6 Kf8 50. Nd7+ Kg7 51. Nc5 Kxg6 52. Nxe6 Kf7 53. f5 Ke7 54. Kxd5 Kd7 55. f6 Ke8 56. Ng5 1-0

[Event "ROM-ch U12"]
[Site "Calimanesti"]
[Date "2014.04.13"]
[Round "9"]
[White "Voinescu, David Ioan"]
[Black "Borsos, Mihnea Nicolae"]
[Result "1/2-1/2"]
[WhiteElo "1523"]
[BlackElo "1308"]
[PlyCount "45"]
[EventDate "2014.04.06"]
[EventType "swiss"]
[EventRounds "9"]
[EventCountry "ROU"]
[SourceTitle "CBM 160 Extra"]
[Source "ChessBase"]
[SourceDate "2014.07.01"]
[SourceVersion "1"]
[SourceVersionDate "2014.07.01"]
[SourceQuality "1"]

1. d4 d5 2. Nf3 Nf6 3. Bf4 Bg4 4. e3 e6 5. Be2 c5 6. c3 Qb6 7. Qb3 c4 8. Qxb6 axb6 9. 0-0 b5 10. Nbd2 b4 11. h3 Bf5 12. cxb4 Bxb4 13. a3 Be7 14. Rfc1 Nc6 15. Bd1 Ne4 16. Nxe4 Bxe4 17. Nd2 Bg6 18. Bc2 0-0 19. Bxg6 hxg6 20. Kf1 Rfd8 21. Ke2 Bd6 22. Bxd6 Rxd6 23. b3 1/2-1/2

[Event "ROM-ch U12"]
[Site "Calimanesti"]
[Date "2014.04.08"]
[Round "3"]
[White "Voinescu, David Ioan"]
[Black "Chiscop, Ioan"]
[Result "1-0"]
[WhiteElo "1523"]
[BlackElo "1104"]
[PlyCount "57"]
[EventDate "2014.04.06"]
[EventType "swiss"]
[EventRounds "9"]
[EventCountry "ROU"]
[SourceTitle "CBM 160 Extra"]
[Source "ChessBase"]
[SourceDate "2014.07.01"]
[SourceVersion "1"]
[SourceVersionDate "2014.07.01"]
[SourceQuality "1"]

1. e4 e5 2. Nf3 Nc6 3. d4 exd4 4. Bc4 Nf6 5. e5 Ne4 6. Bd5 Nc5 7. 0-0 Be7 8. Re1 0-0 9. Nxd4 Nb4 10. Bc4 d5 11. exd6 Bxd6 12. a3 Nc6 13. Nb5 Qf6 14. Nxd6 cxd6 15. Nc3 Qg6 16. b4 Ne6 17. Nd5 Ned4 18. b5 Be6 19. bxc6 Bxd5 20. Bxd5 Nxc2 21. cxb7 Rab8 22. Be4 Rfe8 23. Bxg6 Rxe1+ 24. Qxe1 Nxe1 25. Be4 g6 26. Be3 Nxg2 27. Kxg2 f5 28. Bd5+ Kg7 29. Bxa7 1-0